Biblijne Cytaty z Ewangelii - Statystyki

Ogólne statystyki
  • Ten quiz został rozwiązany 335 razy
  • Średni wynik to 13 z 15
Statystyki odpowiedzi
Hint Odpowiedź % Poprawnych
Gdy zaś Jezus narodził się w ____ w Judei za panowania króla Heroda, oto Mędrcy ze Wschodu przybyli do Jerozolimy. (Mt 2;1) Betlejem
96%
Eli, Eli, lema sabachthani? To znaczy ___ mój, ___ mój, czemuś Mnie opuścił? (Mt 27;46) Boże
95%
Abyście wiedzieli, że ____ Człowieczy ma moc na ziemi odpuszczać grzechy (Mt 9;6) Syn
95%
Słyszeliście, że powiedziano: Oko za oko i ząb za ząb! A Ja wam powiadam: Nie stawiajcie oporu złemu. Lecz jeśli cię kto uderzy w prawy _____, nadstaw mu i drugi! (Mt 5;38-39) Policzek
92%
Idźcie więc i nauczajcie wszystkie ____, udzielając im chrztu w imię Ojca i Syna, i Ducha Świętego (Mt 28;19) Narody
91%
W szóstym miesiącu posłał Bóg anioła Gabriela do miasta w Galilei, zwanego Nazaret, do Dziewicy poślubionej mężowi, imieniem Józef, z rodu Dawida; a Dziewicy było na imię _____. (Łk 1;26-27) Maryja
90%
Nazajutrz zobaczył Jezusa, nadchodzącego ku niemu, i rzekł: «Oto _____ Boży, który gładzi grzech świata (J 1;29) Baranek
89%
A oni krzyczeli: «Precz! Precz! Ukrzyżuj Go!» ____ rzekł do nich: «Czyż króla waszego mam ukrzyżować?» J (19;15) Piłat
89%
Na początku było ____, a ____ było u Boga, i Bogiem było ____. (J 1;1) Słowo
89%
A zatem, co Bóg ____, człowiek niech nie rozdziela. (Mk 10;9) Złączył
89%
_____ miłosierni, albowiem oni miłosierdzia dostąpią. (Mt 5;7) Błogosławieni
88%
____ nowe daję wam, abyście się wzajemnie miłowali; tak jak Ja was umiłowałem, tak i wy miłujcie się nawzajem (Jan 13;34) Przykazanie
88%
Ci zaś, którzy przechodzili obok, przeklinali Go, potrząsali głowami, mówiąc: «Ej, Ty, który burzysz przybytek i w trzech ____go odbudowujesz (Mk 15;29) Dniach
77%
zejdź z _____ i wybaw samego siebie!» (Mk 15;30) Krzyża
77%
Bóg jest _____, a ci, którzy Go wielbią, muszą Go wielbić w duchu i prawdzie. (J 4;24) Duchem
28%
Nie znaleziono quizów pasujących do podanych kryteriów
Rozkład punktacji
Procent ludzi z każdym wynikiem
Percentyl według liczby udzielonych odpowiedzi
Twoja historia wyników
Nie rozwiązałeś tego quizu